Beştulum'dan Zirköy'e: (Record no. 12837)

MARC details
000 -BAŞLIK
Sabit Uzunlukta Kontrol Alanı 00996nam a22002537a 4500
999 ## - SİSTEM KONTROL NUMARALARI (KOHA)
Koha Biblionumber 12837
Koha Biblioitemnumber 12837
003 - KONTROL NUMARASI IDENTIFIER
Denetim Alanı MIRAKIL
005 - SON İŞLEM TARİHİ VE ZAMANI
Denetim Alanı 20190301112716.0
008 - SABİT-BOY VERİ ELEMANLARI - GENEL BİLGİLER
Sabit Uzunlukta Kontrol Alanı 190301b tu ||||| |||| 00| 0 tur d
020 ## - ULUSLARARASI STANDART KİTAP NUMARASI
Uluslararası Standart Kitap Numarası 9786052954157
040 ## - KATALOGLAMA KAYNAK
Orijinal Kataloglama Ajansı TR-AnCHP
Metne Dönüştürmek Ajansı TR-AnCHP
041 ## - DİL KODU
Metin / Ses Parça Veya Ayrı Başlığın Dil Kodu tur
082 ## - DEWEY ONLU SINIFLANDIRMA NUMARASI
Sınıflandırma Numarası 923.25693
Ürün Numarası B69b 2018
100 ## - ANA GİRİŞ - KİŞİSEL İSİM
Kişisel Ad Bozkurt, İsmail
245 10 - BAŞLIK TABLOSU
Başlık Beştulum'dan Zirköy'e:
Başlığın Kalan bir Kıbrıs çocukluğu ve ilkgençliği 1940-1963/
Sorumluluk Tablosu, Vb İsmail Bozkurt.
246 ## - UNVAN FORM VARYING
Başlık Doğru / Kısa Başlığı bir Kıbrıs çocukluğu ve ilkgençliği 1940-1963
260 ## - YAYIN, DAĞITIM, VB
Yayın, Dağıtım, Vb Yeri İstanbul:
Yayıncı, Dağıtıcı, Vs Adı Türkiye İş Bankası Kültür yayınları,
Yayın, Dağıtım, Vb Tarihi 2018.
300 ## - FİZİKSEL TANIM
Kapsam xı, 484 s.:
Diğer Fiziksel Ayrıntıları fotğ.,
Boyutlar 19 sm.
490 0# - SERİSİ TABLOSU
Seri Beyanı Türkiye İş Bankası Kültür yayınları,
Hacim / Ardışık Tanımı Genel yayın:4157
504 ## - KAYNAKÇA VB NOT
Kaynakça Vb Notu Kaynakça ve dizin vardır.
600 #0 - KONU KATMA GİRİŞ - KURUMSAL ADI
9 (RLIN) 5295
Kişisel Ad Bozkurt, İsmail
Bir Adıyla İlişkilendirilen Tarihler 1940-
Genel Alt Bölümü yaşamöyküsü
650 #0 - KONU KATMA GİRİŞ - TOPİKAL DÖNEM
9 (RLIN) 5074
Topikal Süreli Veya Coğrafi Ad Giriş Elemanı Devlet adamları
Genel Alt Bölümü Kuzey Kıbrıs Türk Cumhuriyeti (KKTC)
-- yaşamöyküsü
740 ## - KATMA GİRİŞ - KONTROLSUZ İLGİLİ / ANALİTİK BAŞLIK
Kontrol Edilmeyen / İlgili Analitik Başlıktaki bir Kıbrıs çocukluğu ve ilkgençliği 1940-1963
942 ## - EKLENDİ GİRİŞ ELEMANLARI (KOHA)
Sınıflandırma Veya Raf Düzeni Kaynak Dewey Decimal Classification
Koha Öğesi Türü Books
Holdings
Kalıcı Konum Mevcut Konum Edinme Tarihi Toplam Check-Out'Lar Tam Çağrı Numarası Barkod Tarih Son Görülme İtibaren Geçerli Fiyatlar Koha Öğesi Türü
CHP Kütüphanesi CHP Kütüphanesi 03/01/2019   923.25693 B69b 2018 018925 03/01/2019 03/01/2019 Books